01690nam a2200289 i 4500003000900000005001700009007000300026008004100029040003000070082001900100100004300119245012500162250001900287264004800306300006000354336002700414337003300441338002800474500006400502504004900566505054300615650005701158650004301215650005701258700004301315700004201358DO-SdBNP20240515154533.0ta220517e2019 dr ao||er|||| 00| 0 spa d aDO-SdBNPbspacBNPHUerda 4222bT266r 20191 aTejada Ortiz, Dagoberto,d1940-eautor10aReligiosidad popular y psiquiatría /cDagoberto Tejada Ortíz, Fernando Sánchez Martínez, César Mella Mejías. a3a. edición. aSanto Domingo :bUniversitaria- UASD,c2019 a111 páginas :bilustraciones, fotografías ;c20 cm. 2rdacontentatextobtxt 2rdamediaasin mediaciónbn 2rdacarrieravolumenbnc aIncluye datos biografícos de los autores en la página 5 aBibliografía: páginas 79- 84, 109- 110.0 aPrólogo a la tercera edición..-- Prólogo de la primera edición.tI.- Fe, Ciencia y Psiquiatría.--tII.- Formación social dominicana y religisidad popular.--tIII.- La Filosofía africana y la religiosidad popular dominicana.--tIV.- La religiosidad popular y el vudú dominicano.--tV.- Vudú, Medcina popular y psiquiatría.--tVI.- Religiosidad popular, psiquiatría y sociedad.--tBibliografía consultada.--tEl culto a San Juan Bautista. Vudú y cimarronaje en República Dominicana.--tBibliografía consultada. 4aVudúzRepública DominicanaxPsiquiatría Social 4aCuración (Religión, Folclor, etc.) 4aReligiosidad popularvVodúzRepública Dominicana1 aSánchez, Martínez, Fernandoeautor1 aMella Mejías, Césard1950-eautor